Mas allá del consenso de Washington : (Registro nro. 8334)
[ vista simple ]
| 000 -LEADER | |
|---|---|
| fixed length control field | 01196nam a2200265Ia 4500 |
| 003 - CONTROL NUMBER IDENTIFIER | |
| control field | OSt |
| 005 - DATE AND TIME OF LATEST TRANSACTION | |
| control field | 20210818161111.0 |
| 008 - FIXED-LENGTH DATA ELEMENTS--GENERAL INFORMATION | |
| fixed length control field | 210310s1998 eu ad gr 000 0 spa d |
| 020 ## - INTERNATIONAL STANDARD BOOK NUMBER | |
| International Standard Book Number | 0821343475 |
| 040 ## - CATALOGING SOURCE | |
| Original cataloging agency | CO-JMCR |
| Transcribing agency | CO-JMCR |
| 041 0# - LANGUAGE CODE | |
| Language code of text/sound track or separate title | spa |
| 082 04 - DEWEY DECIMAL CLASSIFICATION NUMBER | |
| Classification number | 339.5098 / |
| Item number | B959m |
| Edition number | 23 |
| 100 1# - MAIN ENTRY--PERSONAL NAME | |
| Personal name | Burki, Shahid Javed, |
| 9 (RLIN) | 16966 |
| Relator term | autor |
| 245 10 - TITLE STATEMENT | |
| Title | Mas allá del consenso de Washington : |
| Remainder of title | la hora de la reforma institucional / |
| Statement of responsibility, etc. | Shahid Javed Burki, Guillermo E. Perry |
| 260 ## - PUBLICATION, DISTRIBUTION, ETC. | |
| Place of publication, distribution, etc. | Washington : |
| Name of publisher, distributor, etc. | Banco Mundial, |
| Date of publication, distribution, etc. | 1998 |
| 300 ## - PHYSICAL DESCRIPTION | |
| Extent | vii, 176 páginas : |
| Other physical details | ilustraciones y gráficas a blanco y negro ; |
| Dimensions | 28 cm. |
| 490 0# - SERIES STATEMENT | |
| Series statement | Estudios del Banco Mundial sobre América Latina y el Caribe. Puntos de vista. |
| 504 ## - BIBLIOGRAPHY, ETC. NOTE | |
| Bibliography, etc. note | Bibliografía: páginas 167-176 |
| 505 0# - FORMATTED CONTENTS NOTE | |
| Formatted contents note | Reforma institucional: porqué y cómo -- Reforma institucional en los mercados: El caso del sector financiero -- Reforma institucional de las jerarquías |
| 650 14 - SUBJECT ADDED ENTRY--TOPICAL TERM | |
| Topical term or geographic name entry element | Estabilización económica |
| 9 (RLIN) | 16968 |
| Geographic subdivision | América Latina |
| 650 24 - SUBJECT ADDED ENTRY--TOPICAL TERM | |
| Topical term or geographic name entry element | Estabilización económica |
| Geographic subdivision | Caribe (Colombia) |
| 9 (RLIN) | 39493 |
| 650 24 - SUBJECT ADDED ENTRY--TOPICAL TERM | |
| Topical term or geographic name entry element | Consenso de Washington |
| Geographic subdivision | América Latina |
| 9 (RLIN) | 39494 |
| 700 1# - ADDED ENTRY--PERSONAL NAME | |
| Personal name | Perry, Guillermo E., |
| Relator term | autor |
| 9 (RLIN) | 39495 |
| 942 ## - ADDED ENTRY ELEMENTS (KOHA) | |
| Source of classification or shelving scheme | Dewey Decimal Classification |
| Koha item type | Books |
| Withdrawn status | Lost status | Source of classification or shelving scheme | Damaged status | Not for loan | Collection code | Home library | Current library | Date acquired | Source of acquisition | Full call number | Barcode | Date last seen | Copy number | Koha item type |
|---|---|---|---|---|---|---|---|---|---|---|---|---|---|---|
| Dewey Decimal Classification | Non-fiction | Biblioteca Pública José María del Castillo y Rada | Biblioteca Pública José María del Castillo y Rada | 04/15/2018 | Donación | 339.5098 / B959m | 430006307 | 05/16/2024 | Ej.1 | Books |